| 000 | 01183nam a22003377a 4500 | ||
|---|---|---|---|
| 001 | BR8100879 | ||
| 003 | BR-BrBNA | ||
| 005 | 20230928090923.0 | ||
| 007 | ta | ||
| 008 | 230509b bl.||||| |||| 00| 0 por d | ||
| 040 |
_aBR-BrBNA _bpor _cBiblioteca Nacional de Agricultura |
||
| 041 | _a(Por) | ||
| 072 |
_aF30; H00; A50 _b0336 _b/G514 |
||
| 090 | _ 0336 BR8100879 | ||
| 110 | 1 |
_aCentro Nacional de Pesquisa de Soja, Londrina, PR (Brasil) _91793 |
|
| 245 | 1 | _aResultados de Pesquisa de soja 1979/80 [Glycine max; Melhoramento genetico vegetal; Erva daninha; Fisiologia vegetal; Praga de planta; Doenca de planta; Parana; Brasil] | |
| 246 | 1 | _a[Results of soybean research 1979/80 [Glycine max; Plant breeding; Weed; Plant physiology; Pest of plant; Plant disease; Parana; Brazil]] | |
| 260 | 3 |
_aLondrina, PR (Brasil): _c1980. |
|
| 300 | _a368 p. | ||
| 650 | _aMelhoramento genetico vegetal | ||
| 650 | _aDefesa vegetal | ||
| 650 | _aPesquisa | ||
| 650 | _aSoja | ||
| 650 | _aErva daninha | ||
| 650 | _aFisiologia vegetal | ||
| 650 | _aPraga de planta | ||
| 650 | _aDoenca de planta | ||
| 650 | _aParana | ||
| 909 |
_a202309 _bLucia _c55 _dLucia Elande |
||
| 942 | _cBK | ||
| 999 |
_c31276 _d31276 |
||